000
00328nam a22001217a 4500
040
_c
HS
082
_a
658
100
_a
បូរ៉ា ធីកា
245
_a
Farm business management គ្រប់គ្រងកសិដ្ឋាន
260
_a
RUA
_b
បូរ៉ា ធីកា
_c
2008
300
_a
50p;
942
_c
KB
999
_c
10070
_d
10070